000 00283nam a22001217a 4500
008 170530b xxu||||| |||| 00| 0 eng d
041 _aeng
080 _a94(7/8)
100 _a17
101 _aSHH
245 _aTHE HOVERING GIANT IN LATIN AMERICA
_cBLASIER.C
942 _2udc
_cBK
999 _c15053
_d15053